Central Library OPAC University of Rajshahi

Indian myth and legend / (Record no. 31970)

MARC details
000 -LEADER
fixed length control field 00888nam a2200265 a 4500
001 - CONTROL NUMBER
control field 31970
003 - CONTROL NUMBER IDENTIFIER
rucl marc code BD-RjUL
005 - DATE AND TIME OF LATEST TRANSACTION
control field 20211209051756.0
008 - FIXED-LENGTH DATA ELEMENTS--GENERAL INFORMATION
fixed length control field 140423s1913 enka 001 0 eng
035 ## - SYSTEM CONTROL NUMBER
System control number (BD-RjUL)32059
040 ## - CATALOGING SOURCE
Original cataloging agency DLC
Transcribing agency OCU
Modifying agency BD-RjUL
Language of cataloging eng
041 ## - LANGUAGE CODE
Language code of text/sound track or separate title eng
082 04 - DEWEY DECIMAL CLASSIFICATION NUMBER
Edition number 23
Classification number 294.513
Author mark and year MAI 1913
100 1# - MAIN ENTRY--PERSONAL NAME
Personal name Mackenzie, Donald A.
Fuller form of name (Donald Alexander),
Dates associated with a name 1873-1936.
9 (RLIN) 97339
245 10 - TITLE STATEMENT
Title Indian myth and legend /
Statement of responsibility, etc. Donald A. Mackenzie ; With illustrations in colour by Warwick Goble and numerous monochrome plates
260 ## - PUBLICATION, DISTRIBUTION, ETC. (IMPRINT)
Place of publication, distribution, etc. London :
Name of publisher, distributor, etc. Gresham,
Date of publication, distribution, etc. [1913]
300 ## - PHYSICAL DESCRIPTION
Pagination xlviii, 463 p. :
Illustrations ill. ;
Size 22cm.
504 ## - BIBLIOGRAPHY, ETC. NOTE
Bibliography, etc Includes index.
650 #0 - SUBJECT ADDED ENTRY--TOPICAL TERM
Topical term or geographic name as entry element Hindu mythology.
9 (RLIN) 97341
Topical term or geographic name as entry element Legends
Geographic subdivision India.
9 (RLIN) 24884
700 ## - ADDED ENTRY--PERSONAL NAME
Personal name Goble, Warwick, illustrator
942 ## - ADDED ENTRY ELEMENTS (KOHA)
Source of classification or shelving scheme Dewey Decimal Classification
Koha item type Books
Holdings
Lost status Source of classification or shelving scheme Damaged status Not for loan Collection code Permanent Location Current Location Shelving location Date acquired Source of acquisition Cost, normal purchase price Total Checkouts Full call number Date last seen Copy number Koha item type
  Dewey Decimal Classification     Non-fiction Central Library, University of Rajshahi Central Library, University of Rajshahi   12/02/1962 Oriental lib. 31.80   294.513 MAI 1913 23/04/2014 C-2 Books
  Dewey Decimal Classification   Not For Loan Rare Books Central Library, University of Rajshahi Central Library, University of Rajshahi Rare Book Section 27/09/2018       RA 294.513 MAI 1913 27/09/2018 C-1 Rare Books